000 00751nam a2200289Ia 4500
005 20260324112252.0
008 008 260324s9999 xx 000 0 eng d
020 _a9781003365808
037 _aEBOOK
040 _aCRL
040 _beng
040 _cCRL
041 _2eng
041 _aeng
084 _qCRL
100 _aMichaela Hahn; Cecilia Björk; Heidi Westerlund
_91141987
245 0 _aMusic Schools in Changing Societies
245 0 _bHow Collaborative Professionalism Can Transform Music Education
260 _bTaylor and Francis
260 _c2024
365 _a
365 _b230
856 _uhttp://www.taylorfrancis.com/books/9781003365808
942 _cEBOOK
999 _c1731135
_d1731135